Music Quiz

Random Music or The Beatles Quiz

The Beatles- Free as A Bird music video Quiz Stats

 Plays Quiz not verified by Sporcle

Challenge
Share
Tweet
Score 0/35 Timer 10:00
0 Plays Today
Time/Hint Song % Correct
1:03Strawberry Fields Forever
79.5%
1:33 or 1:50Penny Lane
72.2%
2:22A Day in the Life
66.2%
1:18 I am the Walrus
59.6%
2:48Piggies
59.6%
3:11 Yellow Submarine
58.3%
2:27I am the Walrus
57.6%
2:57Paperback Writer
57%
3:59 Eleanor Rigby
55%
4:13 (Hint: She's carrying a little white book)Lovely Rita
51.7%
3:47 Sgt. Pepper's Lonely Heart's Club band
47%
2:00Birthday
45.7%
4:01 Martha My Dear
45%
4:06 The Fool on the Hill
43.7%
2:36 Being for the Benefit of Mr. Kite
42.4%
2:36 Helter Skelter
41.7%
1:44 Help
40.4%
2:12 Dr. Robert
39.1%
Time/Hint Song % Correct
3:55Lady Madonna/Magical Mystery tour
39.1%
2:45Lucy in the Sky With Diamonds
38.4%
3:22 Lucy in the Sky with Diamonds
38.4%
3:22 Revolution
35.8%
4:06 The Long and Winding Road
33.8%
2:42 She Came in Through the Bathroom Window
31.8%
3:22 The Ballad of John and Yoko
30.5%
3:32The Continuing Story of Bungalow Bill
30.5%
3:11Fixing a Hole
29.1%
4:06She's Leaving Home
28.5%
2:00When I'm Sixty-Four
24.5%
1:50Why Don't We Do It in the Road?
23.8%
0:31You Never Give Me Your Money
21.9%
1:48 Do You Want to Know a Secret
21.2%
1:30Obla di Obla da
19.9%
1:07Mother Nature's Son
19.2%
2:56Happiness is a Warm Gun
13.9%

You're not logged in!

Compare scores with friends on all Sporcle quizzes.
OR
Log In

You Might Also Like...

Show Comments

Extras

Top Quizzes Today


Score Distribution

Your Account Isn't Verified!

In order to create a playlist on Sporcle, you need to verify the email address you used during registration. Go to your Sporcle Settings to finish the process.

Report this User

Report this user for behavior that violates our Community Guidelines.

Details: